[Event "HUN KO-ch Men 2019"]
[Site "Budapest"]
[Date "2019.12.10"]
[Round "1.1"]
[White "Czebe, Attila"]
[Black "Almasi, Zoltan"]
[Result "0-1"]
[WhiteElo "2374"]
[BlackElo "2691"]
[Annotator "TA"]
[PlyCount "100"]
[EventDate "2019.12.10"]
[EventType "k.o."]
[EventCountry "HUN"]
[SourceTitle "playchess.com"]
[Source "ChessBase"]
[SourceQuality "1"]

{[%evp 9,100,-47,-49,-43,-51,-46,-46,-47,-50,-60,-56,-77,-79,-125,-119,-110,-128,-143,-127,-145,-134,-134,-122,-134,-134,-134,-134,-133,-127,-130,-132,-133,-116,-118,-105,-136,-119,-122,-138,-179,-170,-210,-183,-208,-207,-239,-253,-262,-269,-263,-264,-271,-270,-264,-259,-265,-258,-246,-202,-211,-206,-206,-207,-306,-303,-290,-275,-282,-262,-273,-272,-278,-266,-279,-279,-383,-358,-355,-358,-462,-450,-433,-393,-370,-384,-564,-562,-609,-604,-1033,-962,-4841,-4196]} 1. d4 Nf6 2. g3 d5 3. c4 (3. Bg2 c6 4. Nd2 Bf5 5. b3 e6 6. Bb2 Nbd7 7. e3 a5 8. Ne2 a4 9. O-O Be7 10. c4 O-O 11. Re1 h6 12. bxa4 {1-0 (33) Kramnik,V (2753)-Giri,A (2779) Amsterdam 2019}) 3... dxc4 4. Bg2 e5 5. Qa4+ Qd7 6. Qxd7+ {D00: 1 d4 d5: Unusual lines} Nbxd7 ({But not} 6... Kxd7 $6 7. dxe5 Ng4 8. Nf3 $16) 7. Nf3 exd4 8. Nxd4 {Black is slightly better.} c6 9. O-O $146 ({Predecessor:} 9. Na3 Nb6 10. Bg5 c3 {0-1 (55) Ditzler,J (2151)-Roiz,M (2599) Basel 2006}) 9... Bc5 10. Nc2 Nb6 $36 {[%mdl 2048] Black is on the roll.} 11. Be3 Bxe3 12. Nxe3 Be6 13. Nc3 O-O-O 14. Rad1 Rxd1 15. Rxd1 Rd8 16. Rxd8+ Kxd8 17. f4 Ke7 18. Bf3 g6 19. Kf2 Nfd7 20. g4 Nc5 21. f5 Bd7 22. Be4 Kf6 23. Bc2 Ke5 24. h4 Kf4 25. fxg6 fxg6 26. g5 Bh3 27. Bb1 Nba4 28. Nxa4 Nxa4 29. Nxc4 $19 {[%mdl 4096] Endgame KBN-KBN} Be6 30. Nd6 Nxb2 31. Nxb7 Nd1+ 32. Ke1 Nc3 33. Nc5 Bc8 34. Bd3 Kg4 ({Don't play} 34... Nxa2 35. Bc4 $17) 35. Bc4 Kxh4 36. Bg8 (36. Kd2 {keeps fighting.} Nd5 37. Ne4) 36... Kxg5 37. Bxh7 Nxa2 38. Ne4+ Kh6 39. Bg8 Nb4 40. Bb3 Bf5 41. Nd6 Kg5 42. e4 Bd7 43. Kd2 Kf4 44. Kc3 Na6 45. Nb7 Ke5 46. Bc4 Nc7 47. Nd8 (47. Nc5 {was called for.} Bc8 48. Kd3) 47... g5 {Black is clearly winning.} 48. Kd3 Kf4 49. Kd4 g4 50. Bf1 Ne6+ {Accuracy: White = 48%, Black = 91%.} 0-1

[Event "HUN KO-ch Men 2019"]
[Site "Budapest"]
[Date "2019.12.11"]
[Round "1.2"]
[White "Almasi, Zoltan"]
[Black "Czebe, Attila"]
[Result "1-0"]
[WhiteElo "2691"]
[BlackElo "2374"]
[Annotator "TA"]
[PlyCount "143"]
[EventDate "2019.12.10"]
[EventType "k.o."]
[EventCountry "HUN"]
[SourceTitle "playchess.com"]
[Source "ChessBase"]
[SourceQuality "1"]

{[%evp 9,143,31,27,36,29,24,33,29,32,30,32,34,36,24,53,53,57,52,47,39,26,31,35,18,32,22,42,59,43,29,12,23,27,1,91,84,85,61,56,71,112,89,109,77,104,117,128,111,124,112,113,82,90,89,85,89,91,89,32,42,37,34,32,31,47,21,30,13,13,9,10,8,54,10,50,0,0,4,68,70,136,137,199,214,199,198,200,200,200,200,200,194,335,220,259,245,257,257,310,301,441,445,441,440,414,426,410,359,359,346,359,359,359,338,366,347,380,380,380,380,380,365,373,318,372,368,368,363,333,280,520,494,472,468,452,444]} 1. Nf3 b6 2. e4 Bb7 3. Nc3 e6 4. d4 Bb4 5. Bd3 Nf6 6. Nd2 {B00: Queen's Fianchetto Defence, Nimzowitsch Defence} (6. Qe2 d5 7. exd5 Qxd5 8. O-O Bxc3 9. bxc3 Nbd7 10. c4 Qh5 11. Bf4 Rc8 12. a4 a5 13. Rab1 O-O 14. Rb5 c5 15. dxc5 Rxc5 {0-1 (29) Eljanov,P (2734)-Carlsen,M (2827) Douglas 2017}) 6... O-O 7. e5 $146 ({Predecessor:} 7. O-O Nc6 8. Ne2 Nh5 9. c3 Be7 10. g4 Nf6 11. Ng3 Na5 12. b4 Nc6 13. f4 d6 {1-0 (39) Antic,D (2440)-Pastar,S (2249) Belgrade 2016}) 7... Ne8 8. Nce4 {White is slightly better.} d5 9. Ng3 Ba6 10. Bxa6 Nxa6 11. O-O Nb8 12. Qg4 Kh8 13. Nf3 Be7 14. Bd2 c5 15. dxc5 bxc5 16. c4 Nc7 17. Nh5 {[%csl Gh5][%cal Rg4g7]} Rg8 $1 18. Ng5 Bxg5 $1 19. Bxg5 (19. Qxg5 Qxg5 20. Bxg5 Nc6 $15) 19... Qf8 $1 20. Qh4 $40 {[%mdl 128] White mounts an attack.} Nc6 21. Rae1 Nd4 (21... dxc4 $1 $11 {keeps the balance.} 22. Qxc4 Rb8) 22. Be7 $16 Qc8 {Strongly threatening ...Nf5.} 23. Bxc5 (23. Ng3 {seems wilder.} Nf5 24. Nxf5 exf5 25. Bd6 dxc4 26. Qe7) 23... Nf5 24. Qf4 Qb7 25. b3 dxc4 26. bxc4 Rac8 27. Ng3 Rgd8 28. Rb1 Qa6 29. Nxf5 exf5 30. Bd6 Ne6 31. Qxf5 Kg8 32. Rb4 Rxc4 33. Qd3 Rdc8 34. Rxc4 Qxc4 35. Qxc4 Rxc4 $14 {[%mdl 4096] Endgame KRB-KRN} 36. Rb1 {Intending Rb8+ and mate.} h5 37. g3 (37. a3 {looks sharper.} g5 38. Kf1 Rc2 39. h3 h4 40. g3) 37... g5 $1 38. Kg2 Rc2 39. a3 g4 40. Be7 Re2 41. Bf6 Nc5 42. Bg5 {next Rb8+ is good for White.} (42. e6 $5 Rxe6 43. Rb5 $16) 42... Nd3 43. Be3 Nxe5 (43... Ra2 $11) 44. Bxa7 Ra2 {[#]} (44... Nf3 $14) 45. Bd4 $1 $16 {[%cal Rd4e5]} Nf3 {[#]} (45... Nc4 $16) 46. Ra1 $1 $18 {[%cal Ra1a2]} Rc2 47. Be3 Ne5 48. a4 {Hoping for a5.} Nc4 49. Bf4 {Threatens to win with a5.} Na5 50. Rb1 h4 (50... f6 $142 51. Rb5 Nc6) 51. Rb5 ({But not} 51. gxh4 Kg7) 51... h3+ 52. Kf1 Nc6 53. Rg5+ Kh7 54. Rxg4 Nd4 (54... Ra2 $142 55. Rh4+ Kg7 56. Rxh3 Rxa4) 55. Rh4+ Kg6 56. Rxh3 Ra2 57. Rh6+ Kf5 58. Kg2 Rxa4 59. Rh5+ Kg6 60. Rg5+ Kf6 61. Rd5 {Black must now prevent Be5+.} Nf5 62. Bd2 Ra2 63. h4 Ke6 64. Rd3 Nd6 65. Kf3 f5 66. Bf4 Ne4 67. Be3 Nf6 68. Rb3 Ng4 69. Rb6+ Ke5 $2 (69... Kf7 70. h5 Ra4 71. Rb7+ Ke6) 70. Bf4+ {White is clearly winning.} Kd5 {[%csl Gg4][%cal Ra2f2]} 71. Rd6+ Kc5 {[%csl Gg4][%cal Ra2f2]} 72. Rd2 {Accuracy: White = 79%, Black = 55%.} 1-0

[Event "HUN KO-ch Men 2019"]
[Site "Budapest"]
[Date "2019.12.10"]
[Round "1.2"]
[White "Berkes, Ferenc"]
[Black "Horvath, Csaba"]
[Result "1/2-1/2"]
[WhiteElo "2656"]
[BlackElo "2513"]
[Annotator "TA"]
[PlyCount "111"]
[EventDate "2019.12.10"]
[EventType "k.o."]
[EventCountry "HUN"]
[SourceTitle "playchess.com"]
[Source "ChessBase"]
[SourceQuality "1"]

{[%evp 9,111,38,60,18,31,19,27,20,27,18,24,24,27,27,28,17,43,38,62,64,52,60,119,61,61,61,59,69,53,58,57,62,77,69,82,80,79,85,108,100,102,87,83,79,82,75,73,67,162,145,147,65,65,65,91,49,49,49,65,65,65,65,65,21,65,21,65,21,65,10,36,10,36,10,36,29,36,10,10,10,10,10,10,10,10,10,15,15,15,15,15,15,15,15,15,15,15,8,15,15,15,15,15,15]} 1. d4 g6 2. c4 Bg7 3. Nc3 e6 4. Nf3 Ne7 5. Bf4 d6 (5... O-O 6. Qd2 d5 7. e3 a6 8. Rc1 dxc4 9. Bxc4 Nbc6 10. h4 h6 11. a3 b6 12. b4 {1-0 (37) Wang,H (2711)-Maghsoodloo,P (2636) Abu Dhabi 2018}) 6. e3 {A40: Unusual replies to 1 d4} Nd7 7. h3 O-O 8. Be2 {White has an edge.} e5 $146 ({Predecessor:} 8... b6 9. O-O Bb7 10. Bh2 e5 11. dxe5 Nxe5 12. Rc1 {0-1 (37) Tomczak,M (2372)-Repka,C (2487) Krakow 2018}) 9. Bh2 exd4 10. exd4 Nf6 11. O-O Bf5 12. Nh4 Bd7 13. Re1 Nf5 14. Nxf5 Bxf5 15. Bf3 Ne8 ({Better is} 15... Be6 $14) 16. Bxb7 (16. Qd2 $16) 16... Rb8 $14 17. Qf3 Bxd4 18. Rad1 Bxc3 19. bxc3 Qf6 20. Bd5 Be6 21. Qxf6 Nxf6 22. Bxe6 fxe6 23. c5 $1 {[%cal Rc5d6]} Ne8 24. Rxe6 {[%cal Rc5d6]} dxc5 25. f3 Nd6 26. Bxd6 Rfd8 {[%mdl 64] [#] Pin} 27. Kh2 Rb2 28. a4 Ra2 (28... a5 $14) 29. Re7 Rxd6 30. Rxd6 (30. Rb1 $16 {White wants to mate with Rb8+.} Rb6 31. Rd1) 30... cxd6 31. Rxa7 $16 {[%mdl 4096] Endgame KR-KR} Ra3 32. Rd7 Rxc3 33. Rxd6 Ra3 34. Rc6 Rxa4 35. Rxc5 h5 36. Rc7 Ra2 37. Kg3 Kf8 38. Rb7 Kg8 39. f4 ({White should try} 39. h4 $14) 39... Rc2 (39... h4+ $5 40. Kf3 (40. Kxh4 Rxg2 41. Rb5 Kg7 $14) 40... Ra3+ 41. Kg4 Rg3+ 42. Kxh4 Rxg2 $14) 40. Ra7 Rb2 (40... h4+ $5 41. Kg4 (41. Kxh4 Rxg2 42. Rd7 Kf8 $14) 41... Rxg2+ 42. Kxh4 Rg1 $14) 41. Rd7 Ra2 (41... h4+ $5 42. Kf3 (42. Kxh4 Rxg2 43. Ra7 Rg1 $14) 42... Rb3+ 43. Ke2 Rb2+ 44. Rd2 Rb3 $14) 42. Kf3 Ra3+ 43. Ke4 Rg3 {The position is equal.} 44. Rd2 Kg7 45. f5 gxf5+ 46. Kxf5 Kh6 47. Kf4 Rg6 48. g3 Rf6+ 49. Ke4 Kg6 50. Rd5 Ra6 51. h4 Rf6 52. Ra5 Re6+ 53. Re5 Rf6 54. Kd5 {[#] Strongly threatening Re6.} Rf3 55. Rg5+ Kh6 56. Ke4 {Accuracy: White = 47%, Black = 56%.} 1/2-1/2

[Event "HUN KO-ch Men 2019"]
[Site "Budapest"]
[Date "2019.12.11"]
[Round "1.2"]
[White "Erdos, Viktor"]
[Black "Kaczur, Florian"]
[Result "1-0"]
[WhiteElo "2609"]
[BlackElo "2478"]
[Annotator "ChessBase"]
[PlyCount "63"]
[EventDate "2019.12.10"]
[EventType "k.o."]
[EventCountry "HUN"]
[SourceTitle "playchess.com"]
[Source "ChessBase"]
[SourceQuality "1"]
[TimeControl "40/5400+30:1800+30"]

1. Nf3 {[%emt 0:04:22]} d5 {[%emt 0:00:27]} 2. d4 {[%emt 0:00:06]} Nf6 {[%emt 0:00:03]} 3. c4 {[%emt 0:00:06]} e6 {[%emt 0:00:03]} 4. Nc3 {[%emt 0:00:19]} Be7 {[%emt 0:00:55]} 5. Bg5 {[%emt 0:02:26]} h6 {[%emt 0:00:19]} 6. Bxf6 {[%emt 0:00:07]} Bxf6 {[%emt 0:00:04]} 7. e3 {[%emt 0:00:05]} O-O {[%emt 0:03:20]} 8. Rc1 {[%emt 0:00:10]} c6 {[%emt 0:00:04]} 9. Bd3 {[%emt 0:00:06]} Nd7 {[%emt 0:00:36]} 10. O-O {[%emt 0:00:36]} dxc4 {[%emt 0:01:16]} 11. Bxc4 {[%emt 0:00:06]} e5 {[%emt 0:02:48]} 12. d5 {[%emt 0:00:38]} Nb6 {[%emt 0:01:39]} 13. b3 {[%emt 0:00:22]} e4 {[%emt 0:15:16]} 14. Nxe4 {[%emt 0:03:43]} cxd5 {[%emt 0:00:20]} 15. Nxf6+ {[%emt 0:00:33]} Qxf6 {[%emt 0:00:05]} 16. Be2 {[%emt 0:01:38]} Be6 {[%emt 0:09:52]} 17. Qd2 {[%emt 0:06:29]} Rfc8 {[%emt 0:05:31]} 18. Nd4 {[%emt 0:07:46]} Rxc1 {[%emt 0:07:54]} 19. Rxc1 {[%emt 0:00:12]} Rc8 {[%emt 0:00:57]} 20. Rd1 {[%emt 0:04:20]} Nd7 {[%emt 0:06:50]} 21. Qa5 {[%emt 0:13:55]} a6 {[%emt 0:03:23]} 22. Qb4 {[%emt 0:00:11]} Nc5 {[%emt 0:02:27]} 23. Bf3 {[%emt 0:01:43]} Qe7 {[%emt 0:08:57]} 24. Rc1 {[%emt 0:11:28]} Qc7 {[%emt 0:01:39]} 25. Nxe6 {[%emt 0:21:05]} fxe6 {[%emt 0:00:24]} 26. Qd4 {[%emt 0:00:42]} a5 {[%emt 0:05:51]} 27. a3 {[%emt 0:00:56]} Nxb3 {[%emt 0:10:13]} 28. Rxc7 {[%emt 0:00:14]} Rxc7 {[%emt 0:00:03]} 29. Qg4 {[%emt 0:03:03]} Rc1+ {[%emt 0:00:17]} 30. Bd1 {[%emt 0:00:02]} Nc5 {[%emt 0:00:12]} 31. g3 {[%emt 0:03:23]} Kf7 {[%emt 0:00:04]} 32. e4 {[%emt 0:01:48]} 1-0

[Event "HUN KO-ch Men 2019"]
[Site "Budapest"]
[Date "2019.12.11"]
[Round "1.2"]
[White "Acs, Peter"]
[Black "Mihok, Oliver"]
[Result "1-0"]
[WhiteElo "2580"]
[BlackElo "2567"]
[Annotator "ChessBase"]
[PlyCount "71"]
[EventDate "2019.12.10"]
[EventType "k.o."]
[EventCountry "HUN"]
[SourceTitle "playchess.com"]
[Source "ChessBase"]
[SourceQuality "1"]
[TimeControl "40/5400+30:1800+30"]

1. e4 {[%emt 0:00:06]} c5 {[%emt 0:05:42]} 2. Nf3 {[%emt 0:00:22]} e6 {[%emt 0:00:17]} 3. d4 {[%emt 0:00:28]} cxd4 {[%emt 0:00:04]} 4. Nxd4 {[%emt 0:00:10]} Nc6 {[%emt 0:00:03]} 5. Nc3 {[%emt 0:00:36]} Qc7 {[%emt 0:00:13]} 6. g3 {[%emt 0:00:39]} a6 {[%emt 0:00:22]} 7. Bg2 {[%emt 0:00:14]} Nf6 {[%emt 0:00:06]} 8. O-O {[%emt 0:00:29]} d6 {[%emt 0:00:04]} 9. Nxc6 {[%emt 0:08:53]} bxc6 {[%emt 0:00:04]} 10. Na4 {[%emt 0:00:14]} Bb7 {[%emt 0:00:24]} 11. c4 {[%emt 0:01:39]} c5 {[%emt 0:03:13]} 12. Nc3 {[%emt 0:01:48]} Be7 {[%emt 0:01:16]} 13. f4 {[%emt 0:06:29]} O-O {[%emt 0:02:18]} 14. g4 {[%emt 0:03:57]} Nd7 {[%emt 0:07:23]} 15. g5 {[%emt 0:00:39]} Rfe8 {[%emt 0:02:03]} 16. b3 {[%emt 0:07:20]} Rad8 {[%emt 0:06:17]} 17. Qg4 {[%emt 0:05:04]} Bf8 {[%emt 0:05:32]} 18. Bb2 {[%emt 0:00:51]} g6 {[%emt 0:11:16]} 19. f5 {[%emt 0:02:30]} Ne5 {[%emt 0:03:55]} 20. Qg3 {[%emt 0:01:28]} Bc6 {[%emt 0:01:23]} 21. Rf2 {[%emt 0:15:50]} Qb7 {[%emt 0:01:29]} 22. Raf1 {[%emt 0:01:39]} a5 {[%emt 0:04:38]} 23. h4 {[%emt 0:12:28]} Bg7 {[%emt 0:04:26]} 24. f6 {[%emt 0:00:44]} Bf8 {[%emt 0:00:05]} 25. h5 {[%emt 0:00:45]} a4 {[%emt 0:02:17]} 26. Nxa4 {[%emt 0:05:39]} Bxe4 {[%emt 0:02:11]} 27. Bxe5 {[%emt 0:00:44]} dxe5 {[%emt 0:00:56]} 28. hxg6 {[%emt 0:00:26]} hxg6 {[%emt 0:00:36]} 29. Nc3 {[%emt 0:04:09]} Bxg2 {[%emt 0:00:37]} 30. Rxg2 {[%emt 0:00:09]} Rd4 {[%emt 0:22:09]} 31. Rh2 {[%emt 0:01:04]} Red8 {[%emt 0:00:14]} 32. Qh3 {[%emt 0:02:01]} Bh6 {[%emt 0:00:03]} 33. Ne2 {[%emt 0:05:07]} Qe4 {[%emt 0:07:38]} 34. Qxh6 {[%emt 0:01:18]} Qe3+ {[%emt 0:00:15]} 35. Rhf2 {[%emt 0:01:18]} Rg4+ {[%emt 0:00:57]} 36. Kh2 {[%emt 0:00:24]} 1-0

[Event "HUN KO-ch Men 2019"]
[Site "Budapest"]
[Date "2019.12.11"]
[Round "1.2"]
[White "Balog, Imre"]
[Black "Antal, Gergely"]
[Result "1-0"]
[WhiteElo "2558"]
[BlackElo "2563"]
[Annotator "ChessBase"]
[PlyCount "57"]
[EventDate "2019.12.10"]
[EventType "k.o."]
[EventCountry "HUN"]
[SourceTitle "playchess.com"]
[Source "ChessBase"]
[SourceQuality "1"]
[TimeControl "40/5400+30:1800+30"]

1. Nf3 {[%emt 0:00:04]} Nf6 {[%emt 0:03:57]} 2. b3 {[%emt 0:01:21]} g6 {[%emt 0:00:09]} 3. Bb2 {[%emt 0:00:11]} Bg7 {[%emt 0:00:03]} 4. c4 {[%emt 0:00:23]} O-O {[%emt 0:00:38]} 5. Nc3 {[%emt 0:00:56]} c5 {[%emt 0:02:46]} 6. g3 {[%emt 0:01:56]} d6 {[%emt 0:00:19]} 7. Bg2 {[%emt 0:00:27]} e5 {[%emt 0:00:17]} 8. O-O {[%emt 0:02:13]} Nc6 {[%emt 0:00:20]} 9. e3 {[%emt 0:03:14]} Ne8 {[%emt 0:02:57]} 10. Ne1 {[%emt 0:05:24]} Nc7 {[%emt 0:00:19]} 11. f4 {[%emt 0:02:17]} exf4 {[%emt 0:06:31]} 12. Rxf4 {[%emt 0:03:59]} Be6 {[%emt 0:03:16]} 13. Nd3 {[%emt 0:00:57]} Ne5 {[%emt 0:11:13]} 14. Qf1 {[%emt 0:03:20]} Rb8 {[%emt 0:01:12]} 15. Ne4 {[%emt 0:02:35]} f5 {[%emt 0:02:52]} 16. Nexc5 {[%emt 0:09:53]} dxc5 {[%emt 0:02:23]} 17. Nxe5 {[%emt 0:06:43]} Qxd2 {[%emt 0:00:12]} 18. Rf2 {[%emt 0:00:39]} Qa5 {[%emt 0:14:09]} 19. Rd1 {[%emt 0:04:02]} Ne8 {[%emt 0:17:38]} 20. e4 {[%emt 0:03:42]} Qc7 {[%emt 0:05:57]} 21. exf5 {[%emt 0:00:48]} Rxf5 {[%emt 0:00:14]} 22. Rxf5 {[%emt 0:00:46]} gxf5 {[%emt 0:00:35]} 23. Qe2 {[%emt 0:03:21]} Nf6 {[%emt 0:00:55]} 24. Nc6 {[%emt 0:02:22]} Re8 {[%emt 0:01:11]} 25. Rd8 {[%emt 0:00:56]} Qf7 {[%emt 0:03:42]} 26. Rxe8+ {[%emt 0:01:18]} Nxe8 {[%emt 0:01:07]} 27. Nd8 {[%emt 0:00:17]} Qe7 {[%emt 0:02:43]} 28. Nxe6 {[%emt 0:00:06]} Bxb2 {[%emt 0:00:04]} 29. Qxb2 {[%emt 0:00:05]} 1-0

[Event "HUN KO-ch Men 2019"]
[Site "Budapest"]
[Date "2019.12.11"]
[Round "1.2"]
[White "Aczel, Gergely"]
[Black "Banusz, Tamas"]
[Result "0-1"]
[WhiteElo "2523"]
[BlackElo "2621"]
[Annotator "ChessBase"]
[PlyCount "126"]
[EventDate "2019.12.10"]
[EventType "k.o."]
[EventCountry "HUN"]
[SourceTitle "playchess.com"]
[Source "ChessBase"]
[SourceQuality "1"]
[TimeControl "40/5400+30:1800+30"]

1. d4 {[%emt 0:00:03]} d5 {[%emt 0:01:22]} 2. c4 {[%emt 0:00:09]} dxc4 {[%emt 0:00:10]} 3. e3 {[%emt 0:00:15]} e5 {[%emt 0:01:08]} 4. Bxc4 {[%emt 0:00:31]} exd4 {[%emt 0:01:36]} 5. exd4 {[%emt 0:00:03]} Bd6 {[%emt 0:00:09]} 6. Nf3 {[%emt 0:00:07]} Nf6 {[%emt 0:00:08]} 7. Qe2+ {[%emt 0:00:10]} Qe7 {[%emt 0:00:05]} 8. Qxe7+ {[%emt 0:00:06]} Bxe7 {[%emt 0:00:05]} 9. O-O {[%emt 0:00:09]} Nbd7 {[%emt 0:00:17]} 10. Nc3 {[%emt 0:00:49]} Nb6 {[%emt 0:00:24]} 11. Bb3 {[%emt 0:00:08]} c6 {[%emt 0:00:09]} 12. Re1 {[%emt 0:10:19]} Nfd5 {[%emt 0:00:08]} 13. Bd2 {[%emt 0:00:15]} Be6 {[%emt 0:00:45]} 14. Bg5 {[%emt 0:01:29]} Bb4 {[%emt 0:19:42]} 15. a3 {[%emt 0:01:44]} Bxc3 {[%emt 0:00:43]} 16. bxc3 {[%emt 0:00:21]} h6 {[%emt 0:00:38]} 17. Bd2 {[%emt 0:10:25]} Nc7 {[%emt 0:10:15]} 18. Bf4 {[%emt 0:07:06]} Ncd5 {[%emt 0:01:03]} 19. Bd2 {[%emt 0:16:16]} Nc7 {[%emt 0:00:31]} 20. c4 {[%emt 0:00:53]} O-O {[%emt 0:05:57]} 21. Rac1 {[%emt 0:01:00]} Rfd8 {[%emt 0:01:21]} 22. h3 {[%emt 0:05:33]} Rac8 {[%emt 0:06:35]} 23. a4 {[%emt 0:03:10]} Ne8 {[%emt 0:03:41]} 24. a5 {[%emt 0:02:11]} Nd7 {[%emt 0:01:07]} 25. Be3 {[%emt 0:10:56]} Ndf6 {[%emt 0:01:45]} 26. Ne5 {[%emt 0:04:01]} Nd6 {[%emt 0:07:13]} 27. Ba4 {[%emt 0:00:17]} Nd7 {[%emt 0:07:06]} 28. d5 {[%emt 0:11:52]} Nxe5 {[%emt 0:06:33]} 29. dxe6 {[%emt 0:00:14]} fxe6 {[%emt 0:05:41]} 30. c5 {[%emt 0:05:12]} Nb5 {[%emt 0:01:53]} 31. Bb3 {[%emt 0:00:15]} Nc7 {[%emt 0:03:20]} 32. Bf4 {[%emt 0:04:42]} Nd3 {[%emt 0:00:46]} 33. Bxc7 {[%emt 0:00:02]} Rxc7 {[%emt 0:00:07]} 34. Rxe6 {[%emt 0:00:45]} Nxc1 {[%emt 0:07:37]} 35. Re8+ {[%emt 0:00:04]} Kh7 {[%emt 0:00:04]} 36. Bg8+ {[%emt 0:00:11]} Kg6 {[%emt 0:00:42]} 37. Rxd8 {[%emt 0:00:02]} Ne2+ {[%emt 0:00:58]} 38. Kh2 {[%emt 0:00:20]} Kf6 {[%emt 0:00:54]} 39. Bc4 {[%emt 0:05:31]} Nc3 {[%emt 0:00:22]} 40. Rd6+ {[%emt 0:00:00]} Ke5 {[%emt 0:00:00]} 41. a6 {[%emt 0:22:41]} bxa6 {[%emt 0:05:02]} 42. g3 {[%emt 0:00:20]} Nd5 {[%emt 0:01:37]} 43. Bxd5 {[%emt 0:02:13]} cxd5 {[%emt 0:00:02]} 44. Rxa6 {[%emt 0:00:09]} Kd4 {[%emt 0:04:12]} 45. c6 {[%emt 0:00:18]} Kc5 {[%emt 0:02:27]} 46. Kg2 {[%emt 0:00:07]} Kb5 {[%emt 0:00:18]} 47. Ra1 {[%emt 0:00:38]} a5 {[%emt 0:00:16]} 48. Kf3 {[%emt 0:01:42]} Rxc6 {[%emt 0:00:13]} 49. Kf4 {[%emt 0:02:38]} Rc2 {[%emt 0:05:06]} 50. Rb1+ {[%emt 0:01:07]} Kc4 {[%emt 0:00:40]} 51. Ra1 {[%emt 0:00:20]} Rxf2+ {[%emt 0:02:52]} 52. Ke3 {[%emt 0:00:16]} Rf5 {[%emt 0:02:16]} 53. Rc1+ {[%emt 0:00:38]} Kb3 {[%emt 0:00:22]} 54. g4 {[%emt 0:00:18]} Rf7 {[%emt 0:00:46]} 55. Rb1+ {[%emt 0:03:24]} Kc3 {[%emt 0:01:02]} 56. Rc1+ {[%emt 0:00:17]} Kb2 {[%emt 0:00:40]} 57. Rc5 {[%emt 0:00:04]} a4 {[%emt 0:00:07]} 58. Rb5+ {[%emt 0:00:48]} Kc3 {[%emt 0:00:14]} 59. Rc5+ {[%emt 0:00:13]} Kb3 {[%emt 0:01:02]} 60. Rxd5 {[%emt 0:00:53]} a3 {[%emt 0:00:04]} 61. Ra5 {[%emt 0:03:12]} a2 {[%emt 0:00:35]} 62. Kd2 {[%emt 0:00:21]} Rf4 {[%emt 0:00:28]} 63. Kd3 {[%emt 0:00:44]} Ra4 {[%emt 0:00:26] Kd4} 0-1

[Event "HUN KO-ch Men 2019"]
[Site "Budapest"]
[Date "2019.12.11"]
[Round "1.2"]
[White "Horvath, Csaba"]
[Black "Berkes, Ferenc"]
[Result "1/2-1/2"]
[WhiteElo "2513"]
[BlackElo "2656"]
[Annotator "ChessBase"]
[PlyCount "28"]
[EventDate "2019.12.10"]
[EventType "k.o."]
[EventCountry "HUN"]
[SourceTitle "playchess.com"]
[Source "ChessBase"]
[SourceQuality "1"]
[TimeControl "40/5400+30:1800+30"]

1. d4 {[%emt 0:00:27]} d5 {[%emt 0:00:25]} 2. c4 {[%emt 0:00:36]} c6 {[%emt 0:00:10]} 3. Nc3 {[%emt 0:01:40]} Nf6 {[%emt 0:00:07]} 4. e3 {[%emt 0:00:26]} a6 {[%emt 0:00:12]} 5. b3 {[%emt 0:02:15]} Bf5 {[%emt 0:00:57]} 6. Bd3 {[%emt 0:00:57]} Bxd3 {[%emt 0:04:58]} 7. Qxd3 {[%emt 0:00:36]} e6 {[%emt 0:00:10]} 8. Nf3 {[%emt 0:01:07]} Nbd7 {[%emt 0:00:51]} 9. O-O {[%emt 0:00:33]} Bb4 {[%emt 0:05:57]} 10. Bb2 {[%emt 0:03:20]} O-O {[%emt 0:01:47]} 11. Rfd1 {[%emt 0:07:25]} Qe7 {[%emt 0:01:41]} 12. a3 {[%emt 0:02:49]} Ba5 {[%emt 0:00:35]} 13. Nd2 {[%emt 0:12:01]} Rad8 {[%emt 0:11:50]} 14. e4 {[%emt 0:18:34]} dxe4 {[%emt 0:08:20]} 1/2-1/2

[Event "HUN KO-ch Men 2019"]
[Site "Budapest"]
[Date "2019.12.11"]
[Round "1.2"]
[White "Nemeth, Miklos"]
[Black "Hera, Imre Jr."]
[Result "1/2-1/2"]
[WhiteElo "2496"]
[BlackElo "2619"]
[Annotator "ChessBase"]
[PlyCount "32"]
[EventDate "2019.12.10"]
[EventType "k.o."]
[EventCountry "HUN"]
[SourceTitle "playchess.com"]
[Source "ChessBase"]
[SourceQuality "1"]
[TimeControl "40/5400+30:1800+30"]

1. e4 {[%emt 0:03:33]} e5 {[%emt 0:01:01]} 2. Nf3 {[%emt 0:03:14]} Nc6 {[%emt 0:00:07]} 3. Bc4 {[%emt 0:00:05]} Bc5 {[%emt 0:00:03]} 4. O-O {[%emt 0:00:07]} Nf6 {[%emt 0:00:05]} 5. d3 {[%emt 0:00:05]} O-O {[%emt 0:00:04]} 6. Nbd2 {[%emt 0:00:20]} d6 {[%emt 0:00:08]} 7. c3 {[%emt 0:00:06]} a6 {[%emt 0:00:10]} 8. Bb3 {[%emt 0:01:00]} Ba7 {[%emt 0:00:25]} 9. h3 {[%emt 0:00:37]} Nh5 {[%emt 0:01:42]} 10. Nc4 {[%emt 0:03:11]} Qf6 {[%emt 0:00:53]} 11. Ne3 {[%emt 0:03:23]} Nf4 {[%emt 0:00:37]} 12. Nd5 {[%emt 0:01:20]} Nxd5 {[%emt 0:00:08]} 13. Bxd5 {[%emt 0:02:36]} h6 {[%emt 0:35:34]} 14. Be3 {[%emt 0:06:55]} Ne7 {[%emt 0:00:12]} 15. Bb3 {[%emt 0:00:11]} Ng6 {[%emt 0:00:07]} 16. Kh2 {[%emt 0:00:30]} c6 {[%emt 0:09:09]} 1/2-1/2